Introduction to information systems / (Record no. 17737)
[ view plain ]
| 000 -LEADER | |
|---|---|
| fixed length control field | 00934pam a2200277 a 4500 |
| 001 - CONTROL NUMBER | |
| control field | 016026403 |
| 003 - CONTROL NUMBER IDENTIFIER | |
| control field | OSt |
| 005 - DATE AND TIME OF LATEST TRANSACTION | |
| control field | 20160207143204.0 |
| 008 - FIXED-LENGTH DATA ELEMENTS--GENERAL INFORMATION | |
| fixed length control field | 120202s2013 njua 001 0 eng d |
| 020 ## - INTERNATIONAL STANDARD BOOK NUMBER | |
| International Standard Book Number | 9781118092309 (pbk.) : |
| 020 ## - INTERNATIONAL STANDARD BOOK NUMBER | |
| International Standard Book Number | 1118092309 (pbk.) : |
| 082 04 - DEWEY DECIMAL CLASSIFICATION NUMBER | |
| Classification number | 658.4038011 |
| Item number | RAI |
| Edition number | 22 |
| 100 1# - MAIN ENTRY--PERSONAL NAME | |
| Personal name | Rainer, R. Kelly |
| Fuller form of name | (Rex Kelly) |
| 9 (RLIN) | 19155 |
| 245 10 - TITLE STATEMENT | |
| Title | Introduction to information systems / |
| Statement of responsibility, etc | R. Kelly Rainer, Casey G. Cegielski. |
| 250 ## - EDITION STATEMENT | |
| Edition statement | 4th ed., International student version / |
| 260 ## - PUBLICATION, DISTRIBUTION, ETC. (IMPRINT) | |
| Place of publication, distribution, etc | Hoboken, N.J. : |
| Name of publisher, distributor, etc | Wiley ; |
| Date of publication, distribution, etc | c2013. |
| 300 ## - PHYSICAL DESCRIPTION | |
| Extent | xiv, 466 p. : |
| Other physical details | ill. ; |
| Dimensions | 26 cm. |
| 500 ## - GENERAL NOTE | |
| General note | Includes index. |
| 650 #0 - SUBJECT ADDED ENTRY--TOPICAL TERM | |
| Topical term or geographic name as entry element | Information technology. |
| 9 (RLIN) | 34387 |
| Source of heading or term | BUEsh |
| 650 #0 - SUBJECT ADDED ENTRY--TOPICAL TERM | |
| Topical term or geographic name as entry element | Management information systems. |
| 9 (RLIN) | 34388 |
| Source of heading or term | BUEsh |
| 650 #0 - SUBJECT ADDED ENTRY--TOPICAL TERM | |
| Topical term or geographic name as entry element | Business enterprises |
| General subdivision | Computer networks. |
| 9 (RLIN) | 34389 |
| Source of heading or term | BUEsh |
| 651 ## - SUBJECT ADDED ENTRY--GEOGRAPHIC NAME | |
| Source of heading or term | BUEsh |
| 653 ## - INDEX TERM--UNCONTROLLED | |
| Arrived date list | November2013 |
| 700 1# - ADDED ENTRY--PERSONAL NAME | |
| Personal name | Cegielski, Casey G. |
| 9 (RLIN) | 34390 |
| 942 ## - ADDED ENTRY ELEMENTS (KOHA) | |
| Source of classification or shelving scheme | Dewey Decimal Classification |
| Item type | Book - Borrowing |
| Call number prefix | 658.05 RAI |
| Withdrawn status | Item status | Source of classification or shelving scheme | Damaged status | Not for loan | Vendor | Home library | Current library | Shelving location | Date acquired | Source of acquisition | Total Checkouts | Full call number | Barcode | Date last seen | Koha item type | Total Renewals | Date last borrowed | Materials specified (bound volume or other part) |
|---|---|---|---|---|---|---|---|---|---|---|---|---|---|---|---|---|---|---|
| Dewey Decimal Classification | Baccah | Central Library | Central Library | First floor | 06/11/2013 | Purchase | 658.4038011 RAI | 000035018 | 15/07/2025 | NB - Book (Non borrowing) | ||||||||
| Dewey Decimal Classification | Baccah | Central Library | Central Library | First floor | 06/11/2013 | Purchase | 7 | 658.4038011 RAI | 000035019 | 15/07/2025 | Book - Borrowing | 11 | 27/07/2015 | |||||
| Dewey Decimal Classification | Baccah | Central Library | Central Library | First floor | 06/11/2013 | Purchase | 6 | 658.4038011 RAI | 000035020 | 15/07/2025 | Book - Borrowing | 4 | 09/12/2015 | |||||
| Dewey Decimal Classification | Baccah | Central Library | Central Library | First floor | 06/11/2013 | Purchase | 11 | 658.4038011 RAI | 000035021 | 15/07/2025 | Book - Borrowing | 15 | 05/11/2015 | |||||
| Dewey Decimal Classification | Baccah | Central Library | Central Library | First floor | 06/11/2013 | Purchase | 9 | 658.4038011 RAI | 000035022 | 15/07/2025 | Book - Borrowing | 17 | 03/11/2015 | |||||
| Dewey Decimal Classification | Baccah | Central Library | Central Library | First floor | 06/11/2013 | Purchase | 14 | 658.4038011 RAI | 000035023 | 15/07/2025 | Book - Borrowing | 13 | 13/12/2016 | |||||
| Lost & Replaced | Dewey Decimal Classification | Baccah | Central Library | Central Library | First floor | 06/11/2013 | Purchase | 6 | 658.4038011 RAI | 000035024 | 12/12/2017 | Book - Borrowing | 1 | 02/07/2017 | ||||
| Lost | Dewey Decimal Classification | Baccah | Central Library | Central Library | First floor | 06/11/2013 | Purchase | 3 | 658.4038011 RAI | 000035025 | 19/12/2013 | Book - Borrowing | 19/12/2013 | Lost In Inventory_2005-2015/8/22 | ||||
| Dewey Decimal Classification | Baccah | Central Library | Central Library | First floor | 06/11/2013 | Purchase | 12 | 658.4038011 RAI | 000035026 | 15/07/2025 | Book - Borrowing | 27 | 20/02/2018 | |||||
| Dewey Decimal Classification | Baccah | Central Library | Central Library | First floor | 06/11/2013 | Purchase | 7 | 658.4038011 RAI | 000035027 | 15/07/2025 | Book - Borrowing | 1 | 09/11/2014 | |||||
| Dewey Decimal Classification | Baccah | Central Library | Central Library | First floor | 13/12/2017 | Purchase | 658.4038011 RAI | 000046916 | 15/07/2025 | Book - Borrowing |